Lead times (Record no. 81921)

MARC details
000 -LEADER
fixed length control field 00806cab a22001815a 4500
001 - CONTROL NUMBER
control field L148658
008 - FIXED-LENGTH DATA ELEMENTS--GENERAL INFORMATION
fixed length control field 091015s20090307xxk f 000 0 eng d
035 ## - SYSTEM CONTROL NUMBER
System control number (Sirsi) u148658
041 0# - LANGUAGE CODE
Language code of text/sound track or separate title eng
100 1# - MAIN ENTRY--PERSONAL NAME
Personal name Moone, Brian
245 00 - TITLE STATEMENT
Title Lead times
Remainder of title April-June 2009
260 ## - PUBLICATION, DISTRIBUTION, ETC.
Date of publication, distribution, etc. 2009
490 ## - SERIES STATEMENT
Series statement Building
Volume/sequential designation 274(8536) 3 July 2009, 54-55(2)
520 ## - SUMMARY, ETC.
Summary, etc. Lead Times have fallen in six works packages and have not increased in any other area. Concrete works showed signs of levelling out at nine weeks and cladding remains at record low levels of 21 weeks for the third quarter running. Gives further details of lead times for various products including piling, concrete works, structural steel frames, cladding and roofing.
590 ## - LOCAL NOTE (RLIN)
Local note KA
690 ## - LOCAL SUBJECT ADDED ENTRY--TOPICAL TERM (OCLC, RLIN)
Topical term or geographic name as entry element BUILT ENVIRONMENT-BUILDING ELEMENTS
942 ## - ADDED ENTRY ELEMENTS (KOHA)
Suppress in OPAC 0
Holdings
Withdrawn status Lost status Source of classification or shelving scheme Damaged status Not for loan Home library Current library Shelving location Date acquired Total Checkouts Full call number Barcode Date last seen Copy number Price effective from Koha item type
    Dewey Decimal Classification     London London Journal article 11/05/2011   L148658 148658-1001 06/08/2019 1 06/08/2019 Journal article